000 00429nam a2200181Ia 4500
005 20240823011229.0
008 240823s9999||||xx |||||||||||||| ||und||
041 _aENGLISH
082 _A658.8 P1
100 _a"Lovelock,Christopher"
245 0 _aService marketing
250 _a4th
260 _c2001
_b"Pearson,Singapore"
500 _aYES
650 _aManagement
_bManagement Studies
942 _cBK
999 _c160929
_d160929